000 00636nam a22002057a 4500
003 0
005 20251107093512.0
008 251107b xxu||||| |||| 00| 0 eng d
020 _a978-0-440-24366-3
050 _aPS 3553.H4838
_b.C45 2007
100 _aChild, Lee,
_eauthor.
245 _aBad luck and trouble /
_cLee Child.
260 _aNew York, NY :
_bBantam Dell,
_c2007.
300 _a477 pages ;
_c18 cm.
650 _aSuspense fiction.
650 _aReacher, Jack (Fictitious character)
_xFiction.
650 _aPrivate investigators
_zUnited States
_xFiction.
650 _aMurder
_xInvestigation
_vFiction.
942 _2lcc
_cBK
999 _c368482
_d368482